Les collectionneurs - 4 - Statistiques

Statistiques générales
  • Ce quiz a été pris 91 fois
  • Le résultat moyen est 9 sur 15
Statistiques - réponses
Hint Réponse % Correct
Minéralophile Minéraux
98%
Noeudelerephile Noeuds papillon
91%
Jetonophile Jetons
89%
Nicophile Paquets de cigarettes
85%
Ludophile Jeux et jouets
82%
Nanomane Nains de jardin
82%
Mycophile Champignons
79%
Numismate Monnaies
59%
Molabophile Moulins à café
52%
Iconomecanophile Appareils photo
50%
Lucanophile Cerf-volants
50%
Khélonéphile Tortues
29%
Lécythiophile Flacons de parfum
26%
Marcophile Oblitérations postales
20%
Molubdotémophile Taille-crayons
15%
Aucun quiz correspondant
Distribution des résultats
% des personnes avec chaque résultat
Percentile par nombre de réponses
Votre historique - résultats
Vous n’avez pas pris ce quiz